Southville International School and Colleges
Your cart is empty.
  • Cart
  • Lists
    Public lists Eva Luna New books Lux_list list_1
    Your lists Log in to create your own lists
  • Log in to your account
  • Your cookies
  • Search history
Southville International School and Colleges
  • Advanced search
  • Recent comments
  • Most popular
  • Libraries

Log in to your account

Log in with GOOGLE


If you do not have an external account, but do have a local account, you can still log in:

  1. Home
  2. MARC view: Mga screenplay ni Ricky Lee, volume 1
Normal view MARC view ISBD view

Mga screenplay ni Ricky Lee, volume 1 (Record no. 365244)

[ view plain ]
MARC details
000 -LEADER
fixed length control field 00540nam a22001817a 4500
003 - CONTROL NUMBER IDENTIFIER
control field 0
005 - DATE AND TIME OF LATEST TRANSACTION
control field 20230904084050.0
008 - FIXED-LENGTH DATA ELEMENTS--GENERAL INFORMATION
fixed length control field 230904b xxu||||| |||| 00| 0 eng d
020 ## - INTERNATIONAL STANDARD BOOK NUMBER
International Standard Book Number 9789715068901
050 ## - LIBRARY OF CONGRESS CALL NUMBER
Classification number PL 6063
Item number .L44 2022
100 ## - MAIN ENTRY--PERSONAL NAME
Personal name Lee, Ricky
245 ## - TITLE STATEMENT
Title Mga screenplay ni Ricky Lee, volume 1
Statement of responsibility, etc Ricky Lee
260 ## - PUBLICATION, DISTRIBUTION, ETC. (IMPRINT)
Place of publication, distribution, etc Manila
Name of publisher, distributor, etc University of Santo Tomas Publishing House
Date of publication, distribution, etc c2022
300 ## - PHYSICAL DESCRIPTION
Extent vi, 354 pages ;
Dimensions 23 cm.
500 ## - GENERAL NOTE
General note Philippine drama (Filipino)
654 ## - SUBJECT ADDED ENTRY--FACETED TOPICAL TERM
Focus term Philippine drama (Filipino)
942 ## - ADDED ENTRY ELEMENTS (KOHA)
Source of classification or shelving scheme Library of Congress Classification
Koha item type Books
Holdings
Withdrawn status Lost status Source of classification or shelving scheme Damaged status Home library Current library Shelving location Date acquired Source of acquisition Sub Shelving location Total Checkouts Full call number Barcode Date last seen Price effective from Koha item type
    Library of Congress Classification   College Library College Library Filipiniana Section 09/04/2023 Library Fund     PL 6063 .L44 2022 C22951 09/04/2023 09/04/2023 Books

Mga screenplay ni Ricky Lee, volume 1

APA

Lee R., . (2022). Mga screenplay ni Ricky Lee, volume 1. Manila: University of Santo Tomas Publishing House.

Chicago

Lee Ricky, . 2022. Mga screenplay ni Ricky Lee, volume 1. Manila: University of Santo Tomas Publishing House.

Harvard

Lee R., . (2022). Mga screenplay ni Ricky Lee, volume 1. Manila: University of Santo Tomas Publishing House.

MLA

Lee Ricky, . Mga screenplay ni Ricky Lee, volume 1. Manila: University of Santo Tomas Publishing House. 2022.

  • Place hold
  • Print
  • Cite
  • Add to your cart (remove)
  • Save record
    BIBTEX Dublin Core MARCXML MARC (non-Unicode/MARC-8) MARC (Unicode/UTF-8) MARC (Unicode/UTF-8, Standard) MODS (XML) RIS
  • More searches
    Search for this title in:
    Other Libraries (WorldCat) Other Databases (Google Scholar) Online Stores (Bookfinder.com) Open Library (openlibrary.org)

Exporting to Dublin Core...

SOUTHVILLE LIBRARY

Southville International School and Colleges Library

1281 Tropical Ave. Cor. Luxembourg St., BF Homes International, Las Pinas City

Tel. No. 8256374 / 252358 Loc. 117/146

Powered by Koha